000 00539nam a2200205#a 4500
001 01967
003 HDC
007 ta
008 230623s2007 xx 000 0 eng d
040 _aHDC
050 _aworldhotels TX907
_b.W67 2007
245 0 _aWorldhotels directory 2007 :
_bbringing unique hotels and people together.
264 _aGermany :
_bWorldhotels,
_c2007.
300 _a328p. :
_b ill. ;
_c 23cm.
650 _aHotel
_vDirectories.
942 _2lcc
942 _cBK
942 _kworldhotels TX907
942 _m.W67 2007
999 _c23527
_d23527